MARC

LEADER 00000nam0a2200000 4500
001 351229
005 20231102010401.0
035 |a (RuTPU)RU\TPU\retro\6141 
090 |a 351229 
100 |a 20190520d1969 m y0rusy50 ca 
101 0 |a rus 
102 |a RU 
105 |a a z 000zy 
200 1 |a Богатства земли Томской  |f сост. А. Н. Новоселов 
210 |a Томск  |c Западно-Сибирское книжное издательство  |d 1969 
215 |a 69 с.  |c ил. 
606 1 |a Томская область  |x Экономика  |2 stltpush  |3 (RuTPU)RU\TPU\subj\68276  |9 83704 
610 1 |a народнохозяйственный комплекс 
610 1 |a Западная Сибирь 
610 1 |a нефть 
610 1 |a газ 
610 1 |a лес 
610 1 |a железная руда 
610 1 |a Томская область 
610 1 |a нефтепровод 
610 1 |a энергетика 
686 |a У9(2Р53)  |v LBC/SL-A  |2 rubbk 
702 1 |a Новоселов  |b А. Н.   |g Александр Николаевич  |4 220 
801 1 |a RU  |b 63413507  |c 20190520 
801 2 |a RU  |b 63413507  |c 20210817  |g RCR 
942 |c BK